| 000 | 00887nam a22002537a 4500 | ||
|---|---|---|---|
| 999 |
_c9380 _d9380 |
||
| 003 | AR-CdUCM | ||
| 008 | 190327b ||||| |||| 00| 0 spa d | ||
| 040 |
_aMUNICIPALIDAD PROVINCIAL DEL CUSCO _cBIBLIOTECA MUNICIPAL DEL CUSCO |
||
| 082 |
_aC / 985.018 / _bB95 |
||
| 100 |
_aBuse, H. _925540 |
||
| 245 | _aMachu Picchu / | ||
| 260 |
_aLima : _bNueva Crónica, _c1961. |
||
| 300 |
_a183 páginas ; _bfotografías, dibujos. _c25 cm. |
||
| 440 |
_aNueva Crónica ; _925541 |
||
| 505 | _aContenido: Caminos imperiales -- La apacheta -- Camino y tambo -- Andenes y barrancas -- Plan general de visita -- El grupo central... | ||
| 650 |
_aMachu Picchu. _95672 |
||
| 650 |
_aCusco. _9772 |
||
| 650 |
_aHistoria. _9136 |
||
| 650 |
_aIncas. _9303 |
||
| 700 |
_aCcosi Salas, Luis (dibujos) _925542 |
||
| 700 |
_aScollo C. Manuel (fotografías) _925543 |
||
| 942 |
_2ddc _cLIBROS |
||
| 945 | _awfj | ||